WELDING and fabrication workbook cengage learning and skills2learn, level 1 & 2/

Saved in:
Bibliographic Details
Format: Book
Language:English
Published: Cengage Learning 2013
Tags: Add Tag
No Tags, Be the first to tag this record!

MARC

LEADER 00000nam a22000007a 4500
008 201216b ||||| |||| 00| 0 eng d
020 |a ISBN: 978-1-4080-7885-3 
245 |a WELDING and fabrication workbook  |b cengage learning and skills2learn, level 1 & 2/   |c [Alison Cooke  |g  ix, 317p.; ill. 
260 |b  Cengage Learning  |c 2013  |h Hampshire, U. K  |i 691514  |i ., 691515   |l TS227 .W45  |m Welding. 
942 |a lcc  |c BK  |e Olagoke,M.A  |f 16//12/2020 
952 |0 0  |1 0  |2 lcc  |4 0  |6 TS0227 W45  |7 0  |9 603  |a HOL  |b TL  |c QZ  |d 2020-12-16  |l 0  |o TS227 .W45  |p 2020-22922  |r 2020-12-16 00:00:00  |w 2020-12-16  |y BK 
952 |0 0  |1 0  |2 lcc  |4 0  |6 TS0227 W45  |7 0  |9 604  |a HOL  |b HOL  |c QZ  |d 2020-12-16  |l 0  |o TS227 .W45  |p 2020-22923  |r 2020-12-16 00:00:00  |w 2020-12-16  |y BK 
999 |c 338  |d 338